| 000 | 00518nam a2200181Ia 4500 | ||
|---|---|---|---|
| 008 | 230917s9999||||xx |||||||||||||| ||und|| | ||
| 020 | _cRS 150.00 | ||
| 040 |
_e5011712 _aMAIN |
||
| 041 | _aEnglish | ||
| 082 | _a615.535 K124P(2) | ||
| 100 | _aKala, Sarsvati | ||
| 245 | 0 | _aPrakritik chikitsa: Ek samagr upachar paddhati | |
| 250 | _a2nd ed. | ||
| 260 |
_aNew Delhi _bKitab Mahal Publishers _c2020 |
||
| 300 | _ax, 126 p. | ||
| 500 | _a4561 12/03/2022 IBS22/00169 13/11/2021 Centre for Yogic Studies | ||
| 942 | _cBK | ||
| 999 |
_c5644 _d5644 |
||